Central Library OPAC University of Rajshahi

Thoughts on religion / (Record no. 22410)

MARC details
000 -LEADER
fixed length control field 00695nam a2200229 a 4500
001 - CONTROL NUMBER
control field 22410
003 - CONTROL NUMBER IDENTIFIER
rucl marc code BD-RjUL
005 - DATE AND TIME OF LATEST TRANSACTION
control field 20211209000813.0
008 - FIXED-LENGTH DATA ELEMENTS--GENERAL INFORMATION
fixed length control field 500101s1895 enk 000 0 eng d
035 ## - SYSTEM CONTROL NUMBER
System control number (BD-RjUL)22475
040 ## - CATALOGING SOURCE
Original cataloging agency BD-RjUL
Language of cataloging eng
Transcribing agency BD-RjUL
041 ## - LANGUAGE CODE
Language code of text/sound track or separate title eng
082 ## - DEWEY DECIMAL CLASSIFICATION NUMBER
Edition number 23
Classification number 215
Author mark and year ROT 1895
100 1# - MAIN ENTRY--PERSONAL NAME
Personal name Romanes, George John
9 (RLIN) 222823
245 10 - TITLE STATEMENT
Title Thoughts on religion /
Statement of responsibility, etc. by George John Romanes ; ed. by Charles Gore
260 ## - PUBLICATION, DISTRIBUTION, ETC. (IMPRINT)
Place of publication, distribution, etc. London :
Name of publisher, distributor, etc. Longmans, Green, and Co,
Date of publication, distribution, etc. 1895
300 ## - PHYSICAL DESCRIPTION
Pagination 184 p. ;
Size 20 cm
650 #0 - SUBJECT ADDED ENTRY--TOPICAL TERM
Topical term or geographic name as entry element Natural theology
9 (RLIN) 222824
Topical term or geographic name as entry element Religion and science
General subdivision History.
9 (RLIN) 222825
700 1# - ADDED ENTRY--PERSONAL NAME
Personal name Gore, Charles,
Dates associated with a name 1853-1932. ed.
942 ## - ADDED ENTRY ELEMENTS (KOHA)
Source of classification or shelving scheme Dewey Decimal Classification
Koha item type Rare Books
Holdings
Lost status Source of classification or shelving scheme Damaged status Not for loan Collection code Permanent Location Current Location Shelving location Date acquired Source of acquisition Cost, normal purchase price Total Checkouts Full call number Date last seen Copy number Koha item type
  Dewey Decimal Classification   Not For Loan Rare Books Central Library, University of Rajshahi Central Library, University of Rajshahi Rare Book Section 08/11/1956 Blackwell 7.60   RA 215 ROT 1895 23/09/2018 C-1 Rare Books